|
|
|
|
| LEADER |
00919nam a2200181 a 4500 |
| 001 |
00012647 |
| 008 |
110814s1985 bg a 000 0 eng |
| 040 |
|
|
|a BD-DhAAL
|d BD-DhAAL
|
| 082 |
0 |
0 |
|a 338.1/095492
|2 19
|
| 245 |
0 |
0 |
|a Agricultural extension manual :
|b the training and visit system /
|c FAO/UNDP Project, Government of the People's Republic of Bangladesh Ministry of Agriculture .Department of Agricultural Extension.
|
| 260 |
|
|
|a Dhaka :
|b Ministry of Agriculture [etc.],
|c 1985.
|
| 300 |
|
|
|a ix, 130 p. ;
|c 22 cm.
|
| 541 |
|
|
|e 00012647
|
| 650 |
|
0 |
|a Agriculture
|z Bangladesh
|
| 710 |
2 |
|
|a FAO/UNDP Project BGD/79/034 'Strengthening the Agricultural Extension Service'.
|
| 852 |
1 |
|
|a Ayesha Abed Library
|c General shelf.
|
| 999 |
|
|
|c 11202
|d 11202
|
| 952 |
|
|
|0 0
|1 0
|2 ddc
|4 0
|6 338_109549200000000_AGR
|7 0
|9 17852
|a BRACUL
|b BRACUL
|c GEN
|d 2011-08-16
|l 0
|o 338.1095492 AGR
|p 3010012647
|r 2011-08-16
|t 1
|w 2011-08-16
|y BK
|x Price not available in Register
|